MARC details
| 000 -CABECERA |
| campo de control de longitud fija |
01137nam a22002657a 4500 |
| 005 - FECHA Y HORA DE LA ÚLTIMA TRANSACCIÓN |
| campo de control |
20250405063825.0 |
| 008 - ELEMENTOS DE LONGITUD FIJA--INFORMACIÓN GENERAL |
| campo de control de longitud fija |
220214b1982 mx ||||| |||| 00| 0 spa d |
| 020 ## - NÚMERO INTERNACIONAL NORMALIZADO PARA LIBROS |
| Número Internacional Estándar del Libro |
9681609018 (obra completa) |
| 020 ## - NÚMERO INTERNACIONAL NORMALIZADO PARA LIBROS |
| Número Internacional Estándar del Libro |
9681610113 (v. 1) |
| 040 ## - FUENTE DE LA CATALOGACIÓN |
| Centro catalogador/agencia de origen |
UPN |
| Lengua de catalogación |
spa |
| Centro/agencia transcriptor |
UPN |
| 050 #4 - SIGNATURA TOPOGRÁFICA DE LA BIBLIOTECA DEL CONGRESO |
| Número de clasificación |
LA421 |
| Número de documento/Ítem |
H5.6 |
| 245 ## - MENCIÓN DE TÍTULO |
| Título |
Historia de la educación pública en México / |
| Mención de responsabilidad, etc. |
coordinadores, Fernando Solana, Raúl Cardiel Reyes y Raúl Bolaños ; [colaboradores, Fernando Solana ... et al.]. |
| 250 ## - MENCIÓN DE EDICIÓN |
| Mención de edición |
1a ed. SEP/80. |
| 260 ## - PUBLICACIÓN, DISTRIBUCIÓN, ETC. |
| Lugar de publicación, distribución, etc. |
México : |
| Nombre del editor, distribuidor, etc. |
SEP : Fondo de Cultura Económica, |
| Fecha de publicación, distribución, etc. |
1982. |
| 300 ## - DESCRIPCIÓN FÍSICA |
| Extensión |
v. 1 (viii, 326 p.) |
| 490 ## - MENCIÓN DE SERIE |
| Mención de serie |
SEP/80 ; |
| Designación de volumen o secuencia |
15 |
| 500 ## - NOTA GENERAL |
| Nota general |
"Ediciones conmemorativas del LX Aniversario de la creación de la Secretaría de educación Pública" -- Portada |
| 504 ## - NOTA DE BIBLIOGRAFÍA, ETC. |
| Nota de bibliografía, etc. |
Incluye referencias bibliográficas. |
| 650 #2 - ASIENTO SECUNDARIO DE MATERIA - TERMINO TEMATICO |
| 9 (RLIN) |
22047 |
| Término de materia o nombre geográfico como elemento de entrada |
ESCUELAS PUBLICAS - |
| Subdivisión general |
HISTORIA |
| Subdivisión geográfica |
MEXICO - |
| 650 #2 - ASIENTO SECUNDARIO DE MATERIA - TERMINO TEMATICO |
| 9 (RLIN) |
5822 |
| Término de materia o nombre geográfico como elemento de entrada |
EDUCACION - |
| Subdivisión general |
HISTORIA - |
| Subdivisión geográfica |
MEXICO - |
| 700 1# - ASIENTO SECUNDARIO--NOMBRE DE PERSONAL |
| Nombre de persona |
Solana, Fernando |
| Término indicativo de función/relación |
coordinador |
| 9 (RLIN) |
30026 |
| 700 1# - ASIENTO SECUNDARIO--NOMBRE DE PERSONAL |
| Nombre de persona |
Cardiel Reyes, Raúl, |
| Fechas asociadas al nombre |
1913-1999 |
| Término indicativo de función/relación |
coordinador |
| 9 (RLIN) |
28658 |
| 700 1# - ASIENTO SECUNDARIO--NOMBRE DE PERSONAL |
| 9 (RLIN) |
43709 |
| Nombre de persona |
Bolaños Martínez, Raúl |
| Término indicativo de función/relación |
coordinador |
| 942 ## - ELEMENTOS DE PUNTO DE ACCESO ADICIONAL (KOHA) |
| Fuente del sistema de clasificación o colocación |
Library of Congress Classification |
| Tipo de ítem Koha |
Libro |